000
00246nam a2200097Ia 4500
001
1206833
005
20251017123517.0
008
250824s9999 xx 000 0 und d
245
0
_a
SİNEKLİ BAKKAL
_c
HALİDE EDİB ADIVAR
260
_b
CAN YAYINLARI
999
_c
1206833
_d
1206833